[Event "ICC tourney 1897 (3 2)"]
[Site "Internet Chess Club"]
[Date "2020.07.03"]
[Round "4"]
[White "fastnfurious"]
[Black "chessdi"]
[Result "0-1"]
[WhiteElo "1900"]
[BlackElo "2303"]
[PlyCount "180"]
[EventDate "2020.??.??"]

1. d4 Nf6 2. Nf3 g6 3. Bg5 Bg7 4. Bxf6 Bxf6 5. e3 O-O 6. h4 c5 7. c3 Qb6 8. Qc2
d6 9. h5 Bf5 10. Qc1 Nc6 11. hxg6 fxg6 12. Bc4+ e6 13. Nh4 d5 14. Be2 Rac8 15.
Nxf5 gxf5 16. Qd2 Bg7 17. Na3 f4 18. Bd3 h6 19. dxc5 Qxc5 20. Nc2 fxe3 21. fxe3
Ne5 22. O-O-O Ng4 23. Nd4 Nf2 24. Nxe6 Qd6 25. Nxf8 Nxd1 26. Kxd1 Qxf8 27. Rf1
Qd6 28. Bc2 Re8 29. Bb3 Re5 30. Kc2 b5 31. Rd1 Qg6+ 32. Kc1 Qg5 33. Bxd5+ Kh8
34. e4 Qg3 35. Kc2 Qg6 36. a3 a6 37. Kb3 a5 38. Ka2 h5 39. Qf4 Rg5 40. Bf7 Qf6
41. Qxf6 Bxf6 42. Rh1 Kg7 43. Rxh5 Kxf7 44. Rh7+ Ke6 45. Ra7 a4 46. Rb7 Rc5 47.
g4 Ke5 48. Rf7 Ke6 49. Rh7 Re5 50. Rh6 Kf7 51. Rh7+ Kg6 52. Rb7 Kg5 53. Rb6 Be7
54. Rc6 Kxg4 55. c4 Kf4 56. cxb5 Rxb5 57. Rc4 Bf6 58. Rb4 Ra5 59. b3 axb3+ 60.
Kxb3 Be7 61. Ra4 Rb5+ 62. Kc4 Rc5+ 63. Kd4 Rc1 64. Kd3 Rd1+ 65. Ke2 Rb1 66. Ra7
Bc5 67. Ra5 Bd6 68. Ra4 Rb2+ 69. Kd3 Rb3+ 70. Kc2 Re3 71. Ra6 Bxa3 72. Ra4 Bd6
73. Kd2 Rh3 74. Kc2 Be5 75. Kd2 Rh2+ 76. Kd3 Rh1 77. Kd2 Rh8 78. Kd3 Rd8+ 79.
Kc2 Ke3 80. Rc4 Bd4 81. Rc7 Kxe4 82. Re7+ Be5 83. Rh7 Rc8+ 84. Kb3 Bd4 85. Rh4+
Kd3 86. Rh3+ Be3 87. Rh7 Rb8+ 88. Ka4 Kc4 89. Rc7+ Bc5 90. Ka5 Ra8+ 0-1

[Event "ICC tourney 1897 (3 2)"]
[Site "Internet Chess Club"]
[Date "2020.07.03"]
[Round "3"]
[White "chessdi"]
[Black "Filiron"]
[Result "0-1"]
[WhiteElo "2302"]
[BlackElo "2479"]
[PlyCount "76"]
[EventDate "2020.??.??"]

1. d4 Nf6 2. c4 e6 3. Nf3 d5 4. g3 dxc4 5. Bg2 a6 6. O-O Nc6 7. e3 Rb8 8. Nfd2
e5 9. Bxc6+ bxc6 10. dxe5 Ng4 11. Nxc4 Be6 12. Nba3 Qd5 13. f3 Bxa3 14. Nxa3
Nxe5 15. e4 Qxd1 16. Rxd1 Nxf3+ 17. Kg2 Ne5 18. b3 Bg4 19. Rf1 f6 20. Bf4 Ke7
21. Bxe5 fxe5 22. Rac1 Bd7 23. Nc4 Rb5 24. Rf2 Rd8 25. Rd1 Bf5 26. Re1 Be6 27.
Rc2 Rc5 28. Rec1 Rd4 29. Kf3 Bxc4 30. Rxc4 Rcxc4 31. Rxc4 Rxc4 32. bxc4 Kd6 33.
Ke3 Kc5 34. Kd3 Kb4 35. g4 g5 36. h3 c5 37. a3+ Kb3 38. a4 a5 0-1

[Event "ICC tourney 1897 (3 2)"]
[Site "Internet Chess Club"]
[Date "2020.07.03"]
[Round "2"]
[White "Xuanli28"]
[Black "chessdi"]
[Result "0-1"]
[WhiteElo "1688"]
[BlackElo "2311"]
[PlyCount "86"]
[EventDate "2020.??.??"]

1. e4 c5 2. Nf3 e6 3. b3 Nc6 4. Bb5 Nf6 5. Bxc6 bxc6 6. d3 Be7 7. O-O O-O 8.
Nc3 d5 9. h3 Ba6 10. Re1 c4 11. bxc4 dxc4 12. d4 Bb4 13. Bd2 Qa5 14. Nb1 c3 15.
Bf4 c5 16. d5 exd5 17. exd5 Rad8 18. d6 c4 19. a3 Bc5 20. Be5 Qb6 21. Qe2 Rfe8
22. Qf1 Bxd6 23. Nxc3 Bxe5 24. Rxe5 Qb2 25. Qe1 Rxe5 26. Nxe5 Qxc2 27. Nf3 Bb7
28. Rc1 Qf5 29. Nd2 Qg5 30. Nce4 Nxe4 31. Nxe4 Bxe4 32. f3 Bxf3 33. g3 h5 34.
Rxc4 Rd1 35. Rc8+ Kh7 36. Qxd1 Qxg3+ 37. Kf1 Qg2+ 38. Ke1 Qg1+ 39. Kd2 Qxd1+
40. Ke3 Qe2+ 41. Kf4 Qe4+ 42. Kg3 Bh1 43. Rc3 Qe5+ 0-1

[Event "ICC tourney 1897 (3 2)"]
[Site "Internet Chess Club"]
[Date "2020.07.03"]
[Round "1"]
[White "chessdi"]
[Black "saiabhi29"]
[Result "1-0"]
[WhiteElo "2310"]
[BlackElo "1108"]
[PlyCount "57"]
[EventDate "2020.??.??"]

1. d4 d5 2. c4 c6 3. Nf3 Nf6 4. Nc3 dxc4 5. a4 Bf5 6. Ne5 Nbd7 7. Nxc4 Nb6 8.
Ne5 a5 9. f3 e6 10. e4 Bg6 11. Be3 Bb4 12. Be2 Nbd7 13. Nd3 Qe7 14. O-O O-O 15.
Rc1 Rfd8 16. Qb3 Nb8 17. Rfd1 Na6 18. Ne5 Rac8 19. Na2 Nc7 20. Nd3 Na6 21. Ne5
Nc7 22. Nc4 Nd7 23. Bf4 Na6 24. Nxb4 axb4 25. Nd6 Ra8 26. Nxb7 Rdc8 27. Nd6 Rf8
28. Nc4 c5 29. Bd6 1-0

[Event "ICC tourney 1897 (3 2)"]
[Site "Internet Chess Club"]
[Date "2020.07.03"]
[Round "15"]
[White "sirking2800"]
[Black "GHAAngel"]
[Result "0-1"]
[WhiteElo "1549"]
[BlackElo "1623"]
[PlyCount "78"]
[EventDate "2020.??.??"]

1. e4 c6 2. d4 d5 3. exd5 cxd5 4. Bd3 Nc6 5. c3 Nf6 6. Bf4 Bg4 7. Qc2 Rc8 8.
Qb3 Qd7 9. h3 Bh5 10. Nd2 a6 11. a3 e6 12. Ngf3 b5 13. O-O Bd6 14. Bg5 Na5 15.
Qc2 Nc4 16. Bxf6 gxf6 17. Bxh7 f5 18. g4 fxg4 19. hxg4 Bxg4 20. Kg2 Nxd2 21.
Nxd2 Qe7 22. Nf3 Qf6 23. Nd2 Qg5 24. f4 Bxf4 25. Rxf4 Qxf4 26. Rf1 Qg5 27. Nf3
Qh5 28. Bd3 Bxf3+ 29. Rxf3 Qh2+ 30. Kf1 Qh1+ 31. Ke2 Rh2+ 32. Rf2 Rxf2+ 33.
Kxf2 Qh2+ 34. Ke3 Qxc2 35. Bxc2 Ke7 36. Kf4 Rh8 37. a4 Rh2 38. Bd1 Rxb2 39.
axb5 axb5 0-1

[Event "ICC tourney 1897 (3 2)"]
[Site "Internet Chess Club"]
[Date "2020.07.03"]
[Round "14"]
[White "sirking2800"]
[Black "playtowin2020"]
[Result "0-1"]
[WhiteElo "1563"]
[BlackElo "1546"]
[PlyCount "58"]
[EventDate "2020.??.??"]

1. e4 c5 2. Nf3 g6 3. d4 cxd4 4. Nxd4 Nc6 5. Nc3 Bg7 6. Be3 Nf6 7. Bc4 O-O 8.
Bb3 a5 9. a4 d6 10. f3 Bd7 11. Qd2 Rc8 12. g4 h5 13. gxh5 Nxh5 14. Rg1 Kh7 15.
O-O-O Ne5 16. Qg2 Nc4 17. Bd2 Bxd4 18. Bh6 Be3+ 19. Bxe3 Nxe3 20. Qg5 Nxd1 21.
Bxf7 Rxf7 22. Qxg6+ Kh8 23. Qxf7 Qe8 24. Qd5 Nxc3 25. bxc3 Rc5 26. Qd2 Qf8 27.
Qf2 Qf6 28. Qg2 Be6 29. Qd2 Qf4 0-1

[Event "ICC tourney 1897 (3 2)"]
[Site "Internet Chess Club"]
[Date "2020.07.03"]
[Round "13"]
[White "cloak1"]
[Black "sirking2800"]
[Result "1-0"]
[WhiteElo "1878"]
[BlackElo "1581"]
[PlyCount "67"]
[EventDate "2020.??.??"]

1. e4 e5 2. Nf3 Nc6 3. Nc3 Nf6 4. d4 d6 5. dxe5 Nxe5 6. Nxe5 dxe5 7. Qxd8+ Kxd8
8. Bg5 Be7 9. Bc4 Be6 10. Bxe6 fxe6 11. f3 c6 12. Ke2 Kc7 13. b3 Rad8 14. Rad1
Bb4 15. Na4 b5 16. Nb2 Bc3 17. Nd3 Kb6 18. Bd2 Bxd2 19. Rxd2 Nd7 20. Rhd1 Kc7
21. b4 a6 22. c3 Rhf8 23. Ke3 Rfe8 24. Ra1 Kb6 25. a4 Rf8 26. Rda2 Ra8 27. a5+
Kc7 28. Rd2 Rad8 29. Rad1 Rfe8 30. g3 Rf8 31. f4 exf4+ 32. Nxf4 Rfe8 33. Rd6
Nf6 34. Rxd8 1-0

[Event "ICC tourney 1897 (3 2)"]
[Site "Internet Chess Club"]
[Date "2020.07.03"]
[Round "10"]
[White "ickyquarter"]
[Black "sirking2800"]
[Result "1-0"]
[WhiteElo "1611"]
[BlackElo "1552"]
[PlyCount "181"]
[EventDate "2020.??.??"]

1. e4 e5 2. Nf3 Nc6 3. Bb5 a6 4. Ba4 Nf6 5. d4 b5 6. dxe5 Nxe4 7. Bb3 Nc5 8.
Bd5 Be7 9. O-O O-O 10. Nd4 Bb7 11. Nxc6 Bxc6 12. Bxc6 dxc6 13. Be3 Nd7 14. f4
Nb6 15. Nd2 Nd5 16. Qe2 Nxe3 17. Qxe3 Qd5 18. Kh1 Rad8 19. Ne4 Qd4 20. Qxd4
Rxd4 21. Rfe1 Rfd8 22. h3 Bh4 23. g3 Be7 24. Kg2 c5 25. Re3 c4 26. a4 b4 27.
Nf2 Rd2 28. Rc1 Bc5 29. Rf3 a5 30. Kf1 Bb6 31. Ne4 Rd1+ 32. Rxd1 Rxd1+ 33. Ke2
Rb1 34. b3 Rb2 35. Kd1 Rb1+ 36. Ke2 Rb2 37. Kd1 cxb3 38. cxb3 Kf8 39. Rd3 Ke7
40. Ng5 h6 41. Ne4 f5 42. Nd2 Ke6 43. Nc4 Rh2 44. Nxb6 cxb6 45. h4 Rb2 46. Kc1
Rg2 47. Rd6+ Ke7 48. Rd3 Ke6 49. Kd1 Rb2 50. Ke1 Rc2 51. Rd6+ Ke7 52. Rd3 Rc5
53. Kf2 b5 54. axb5 Rxb5 55. Rd6 Rc5 56. Ra6 Rc3 57. Rxa5 Rxb3 58. Rb5 Rb2+ 59.
Ke3 Rb3+ 60. Kf2 Rb2+ 61. Kf3 Rb3+ 62. Kg2 Rb2+ 63. Kh3 b3 64. Rb7+ Ke6 65.
Rb6+ Kf7 66. Rb7+ Ke8 67. Rxg7 Rb1 68. Rb7 Rb2 69. g4 fxg4+ 70. Kxg4 Rb1 71.
Kg3 b2 72. Kg2 Kf8 73. f5 Re1 74. Rxb2 Rxe5 75. Rf2 Kf7 76. Kg3 Re4 77. Rf4 Re1
78. Kg4 Kf6 79. Kh5 Re8 80. Rf1 Re5 81. Kxh6 Rxf5 82. Ra1 Rf4 83. Ra6+ Kf7 84.
Ra7+ Kf6 85. h5 Rd4 86. Ra6+ Kf7 87. Ra7+ Kf6 88. Rg7 Rd6 89. Rg6+ Ke7 90. Rxd6
Kxd6 91. Kg7 1-0

[Event "ICC tourney 1897 (3 2)"]
[Site "Internet Chess Club"]
[Date "2020.07.03"]
[Round "8"]
[White "premierchess"]
[Black "sirking2800"]
[Result "1-0"]
[WhiteElo "1721"]
[BlackElo "1577"]
[PlyCount "81"]
[EventDate "2020.??.??"]

1. e4 e5 2. Nf3 Nc6 3. Bb5 a6 4. Ba4 Nf6 5. O-O Be7 6. Re1 b5 7. Bb3 O-O 8. c3
d6 9. h3 Na5 10. Bc2 c5 11. d4 Qc7 12. Nbd2 cxd4 13. cxd4 Nc6 14. Nb3 Nb4 15.
Bb1 a5 16. a3 Na6 17. Bd3 a4 18. Nbd2 Bd7 19. Nf1 Rfc8 20. Bg5 b4 21. Ne3 h6
22. Bxf6 Bxf6 23. Nd5 Qd8 24. Bxa6 Rxa6 25. Nxb4 Raa8 26. dxe5 dxe5 27. Nd5 Be6
28. Nc3 Qa5 29. Nd5 Qd8 30. Nh2 Rab8 31. Ng4 Bxd5 32. exd5 Rxb2 33. Qxa4 Rcc2
34. Rac1 Rd2 35. Qa6 Bh4 36. Rc8 Bxf2+ 37. Nxf2 Rxf2 38. Rxd8+ Kh7 39. Qd3+ g6
40. Qg3 Rxg2+ 41. Qxg2 1-0

[Event "ICC tourney 1897 (3 2)"]
[Site "Internet Chess Club"]
[Date "2020.07.03"]
[Round "7"]
[White "sirking2800"]
[Black "saiabhi29"]
[Result "1/2-1/2"]
[WhiteElo "1582"]
[BlackElo "1268"]
[PlyCount "118"]
[EventDate "2020.??.??"]

1. e4 c5 2. Nf3 Nc6 3. d4 cxd4 4. Nxd4 e5 5. Nb5 d6 6. N1c3 a6 7. Na3 Be7 8.
Nd5 Nf6 9. Nxe7 Qxe7 10. Bg5 O-O 11. c4 h6 12. Bxf6 Qxf6 13. Qd2 Rd8 14. Nc2
Be6 15. Be2 Rac8 16. O-O Qg6 17. Bf3 Bxc4 18. Rfd1 Be6 19. Rac1 Bxa2 20. Nb4
Bb3 21. Nxc6 bxc6 22. Re1 Be6 23. Qa5 c5 24. Qxa6 Bb3 25. Re3 Qe6 26. h3 Ra8
27. Qd3 c4 28. Qd2 Qg6 29. Bd1 Bxd1 30. Rxd1 Rab8 31. Rc3 Qxe4 32. Re1 Qc6 33.
Qe2 Rbc8 34. b3 Qb6 35. bxc4 Qd4 36. Rec1 d5 37. c5 Rc6 38. Rd3 Qf4 39. Rc2 d4
40. Rg3 Rdc8 41. Rg4 Qf5 42. Rc1 Rxc5 43. Rxc5 Rxc5 44. Qa6 Rc8 45. Rg3 e4 46.
Qxh6 Qe5 47. Qd2 d3 48. Re3 Rd8 49. f3 f5 50. fxe4 fxe4 51. Qa2+ Kh8 52. Qd2
Qd4 53. Kh2 Rc8 54. Qe1 d2 55. Qh4+ Kg8 56. Rxe4 Qxe4 57. Qxe4 d1=Q 58. Qe6+
Kh7 59. Qxc8 Qd6+ 1/2-1/2

[Event "ICC tourney 1897 (3 2)"]
[Site "Internet Chess Club"]
[Date "2020.07.03"]
[Round "6"]
[White "sirking2800"]
[Black "xiaoyongfu96"]
[Result "1-0"]
[WhiteElo "1592"]
[BlackElo "1661"]
[PlyCount "73"]
[EventDate "2020.??.??"]

1. e4 c5 2. Nf3 d6 3. d4 cxd4 4. Nxd4 Nf6 5. Nc3 g6 6. Bc4 Bg7 7. Be3 Nc6 8. f3
O-O 9. Qd2 Bd7 10. Bb3 Ne5 11. g4 b5 12. h4 b4 13. Nce2 a5 14. h5 a4 15. Bd5
Nxd5 16. exd5 Nc4 17. Qc1 e5 18. dxe6 fxe6 19. Bg5 Qa5 20. Bh6 Rf7 21. hxg6
hxg6 22. Bxg7 Rxg7 23. Qh6 Nxb2 24. Rb1 Nc4 25. f4 b3+ 26. c3 bxa2 27. Ra1 Ne3
28. Rh3 Nc2+ 29. Nxc2 Qd5 30. Ne3 Qb3 31. Rxa2 Qxa2 32. Qh8+ Kf7 33. Qxa8 a3
34. Qd8 Qb1+ 35. Kf2 Qb7 36. g5 a2 37. Qf6+ 1-0

[Event "ICC tourney 1897 (3 2)"]
[Site "Internet Chess Club"]
[Date "2020.07.03"]
[Round "5"]
[White "sirking2800"]
[Black "Kokoro"]
[Result "0-1"]
[WhiteElo "1585"]
[BlackElo "1923"]
[PlyCount "123"]
[EventDate "2020.??.??"]

1. e4 e6 2. d4 d5 3. exd5 exd5 4. Nf3 Bd6 5. Bd3 Ne7 6. O-O Nbc6 7. c3 Bg4 8.
Be3 Qd7 9. Nbd2 f6 10. Qc2 h5 11. c4 Nb4 12. Bg6+ Nxg6 13. Qxg6+ Qf7 14. Qxf7+
Kxf7 15. c5 Be7 16. Ne1 Be2 17. a3 Nc6 18. b4 a5 19. b5 Bxb5 20. Nef3 Bxf1 21.
Kxf1 Rhb8 22. a4 b6 23. Bf4 Ra7 24. cxb6 Rxb6 25. Rc1 g5 26. Be3 Nd8 27. Nb1
Ne6 28. Nc3 Ba3 29. Rc2 c6 30. Bd2 Bb4 31. Rb2 Rab7 32. Ra2 Ke7 33. Ke2 Kd7 34.
Kd3 Bd6 35. Nd1 Bb4 36. Nc3 Ng7 37. Ne1 Nf5 38. Nc2 Bd6 39. Nd1 Ra6 40. Nde3
Ne7 41. h3 Rb3+ 42. Ke2 Ng6 43. g3 h4 44. Nf1 hxg3 45. Na1 g2 46. Nxb3 g1=Q 47.
Nc5+ Bxc5 48. dxc5 Ra8 49. Rb2 Kc7 50. Ng3 Qg2 51. Bc3 Nf4+ 52. Ke3 Qxh3 53.
Bxf6 Qe6+ 54. Ne4 Qxe4+ 55. Kd2 Qd3+ 56. Kc1 Ne2+ 57. Rxe2 Qxe2 58. Bxg5 Kd7
59. Bf4 Ra7 60. Be3 Rb7 61. Bf4 Rb2 62. Be3 0-1

[Event "ICC tourney 1897 (3 2)"]
[Site "Internet Chess Club"]
[Date "2020.07.03"]
[Round "3"]
[White "justinchess"]
[Black "sirking2800"]
[Result "1-0"]
[WhiteElo "2153"]
[BlackElo "1581"]
[PlyCount "63"]
[EventDate "2020.??.??"]

1. Nf3 Nf6 2. b3 g6 3. Bb2 Bg7 4. g3 Nh5 5. Bxg7 Nxg7 6. Bg2 O-O 7. O-O d6 8.
c4 Nc6 9. d4 e5 10. Nc3 f5 11. dxe5 Nxe5 12. Qd2 Qf6 13. Nd5 Qf7 14. Rad1 Rb8
15. Qa5 b6 16. Qxa7 Bb7 17. Qa3 Ne6 18. Qb2 Nxf3+ 19. Bxf3 f4 20. Qd2 fxg3 21.
hxg3 Nc5 22. Qd4 Nd7 23. Ne7+ Qxe7 24. Bxb7 Ne5 25. Bd5+ Kg7 26. f4 Rbe8 27.
fxe5 dxe5 28. Qe3 Rf6 29. Rxf6 Qxf6 30. Rf1 Qe7 31. Rf7+ Qxf7 32. Bxf7 1-0

[Event "ICC tourney 1897 (3 2)"]
[Site "Internet Chess Club"]
[Date "2020.07.03"]
[Round "14"]
[White "CytokineStorm"]
[Black "xiaoyongfu96"]
[Result "0-1"]
[WhiteElo "1673"]
[BlackElo "1655"]
[PlyCount "68"]
[EventDate "2020.??.??"]

1. d4 Nf6 2. c4 g6 3. Nc3 Bg7 4. e4 d6 5. f4 O-O 6. e5 dxe5 7. fxe5 Nfd7 8. Nf3
c5 9. Bf4 cxd4 10. Qxd4 Nc6 11. Qe3 e6 12. O-O-O Qa5 13. Re1 f6 14. exf6 Nxf6
15. Kb1 Ng4 16. Qc1 e5 17. Bg3 Nb4 18. h3 Bf5+ 19. Ka1 Nc2+ 20. Qxc2 Bxc2 21.
hxg4 e4 22. Ne5 Bxe5 23. Bxe5 Qxe5 24. Re3 Rad8 25. Be2 Rd2 26. Reh3 Rf7 27. c5
Bd3 28. Bd1 Bc4 29. Re3 Rf1 30. Rxf1 Bxf1 31. Bb3+ Kg7 32. Rxe4 Qxc5 33. Rc4
Bxc4 34. Ne4 Qg1+ 0-1

[Event "ICC tourney 1897 (3 2)"]
[Site "Internet Chess Club"]
[Date "2020.07.03"]
[Round "13"]
[White "Xuanli28"]
[Black "CytokineStorm"]
[Result "1/2-1/2"]
[WhiteElo "1622"]
[BlackElo "1686"]
[PlyCount "76"]
[EventDate "2020.??.??"]

1. e4 c5 2. Nf3 g6 3. Nc3 Bg7 4. h3 Nc6 5. Bb5 d6 6. Bxc6+ bxc6 7. O-O Nf6 8.
d3 O-O 9. Be3 Rb8 10. Rb1 Nd7 11. Qd2 Re8 12. Bh6 Bh8 13. Nh2 Qa5 14. f4 Ba6
15. f5 Ne5 16. fxg6 hxg6 17. Nf3 Nxf3+ 18. gxf3 Rb7 19. f4 Reb8 20. f5 Bxc3 21.
Qg2 Bd4+ 22. Kh1 Kh7 23. fxg6+ fxg6 24. Qg5 Bf6 25. Rxf6 exf6 26. Qxf6 Qc7 27.
Rg1 Qf7 28. Qh4 Kg8 29. Qh5 Qh7 30. Rxg6+ Kh8 31. Qg5 Rf7 32. Rxd6 Rbf8 33.
Qe5+ Kg8 34. Qg3+ Kh8 35. Qe5+ Kg8 36. Qg3+ Kh8 37. Qe5+ Kg8 38. Qg3+ Kh8
1/2-1/2

[Event "ICC tourney 1897 (3 2)"]
[Site "Internet Chess Club"]
[Date "2020.07.03"]
[Round "12"]
[White "ickyquarter"]
[Black "CytokineStorm"]
[Result "1-0"]
[WhiteElo "1641"]
[BlackElo "1689"]
[PlyCount "113"]
[EventDate "2020.??.??"]

1. e4 c5 2. Nf3 g6 3. d4 cxd4 4. Nxd4 Bg7 5. Nc3 Nc6 6. Be3 Nf6 7. Bc4 O-O 8.
Bb3 Qa5 9. Qd2 d6 10. f3 Bd7 11. O-O-O Nxd4 12. Bxd4 b5 13. h4 b4 14. Bxf6 Bxf6
15. Nd5 Ba4 16. Qxb4 Qxb4 17. Nxb4 Bxb3 18. cxb3 Rac8+ 19. Kb1 Rfe8 20. Nd5 Be5
21. Rc1 Kf8 22. g4 e6 23. Nb4 Bf4 24. Rc6 a5 25. Rxc8 Rxc8 26. Nd3 Be3 27. Re1
Bd4 28. Rd1 Ke7 29. Rh1 h6 30. h5 g5 31. Rd1 Be3 32. Re1 Bd2 33. Re2 Bf4 34.
Nxf4 gxf4 35. Rc2 Rxc2 36. Kxc2 d5 37. exd5 exd5 38. Kd3 Ke6 39. Kd4 f6 40. a3
f5 41. gxf5+ Kxf5 42. b4 axb4 43. axb4 Kg5 44. b5 Kxh5 45. b6 Kh4 46. b7 Kg3
47. b8=Q Kxf3 48. Qh8 Kg2 49. Qxh6 f3 50. Qf4 f2 51. Kxd5 f1=Q 52. Qxf1+ Kxf1
53. b4 Kf2 54. b5 Kf3 55. b6 Ke3 56. b7 Kf4 57. b8=Q+ 1-0

[Event "ICC tourney 1897 (3 2)"]
[Site "Internet Chess Club"]
[Date "2020.07.03"]
[Round "11"]
[White "CytokineStorm"]
[Black "Aniketshukla"]
[Result "0-1"]
[WhiteElo "1709"]
[BlackElo "1478"]
[PlyCount "118"]
[EventDate "2020.??.??"]

1. d4 d5 2. c4 e6 3. Nf3 Nf6 4. g3 Be7 5. Bg2 c6 6. O-O O-O 7. Nc3 b6 8. Bf4
Bb7 9. cxd5 cxd5 10. Rc1 Nc6 11. a3 a6 12. Ne5 Nxe5 13. Bxe5 Bd6 14. Kh1 Bxe5
15. dxe5 Ng4 16. Qd4 Qg5 17. f4 Qh5 18. h4 Nh6 19. Rf3 Rab8 20. Nd1 Nf5 21.
Qxb6 d4 22. Kh2 Nxh4 23. gxh4 Bxf3 24. Qxd4 Qxh4+ 25. Kg1 Bxg2 26. Kxg2 Qg4+
27. Kf2 f6 28. Ne3 Qh4+ 29. Kf3 fxe5 30. Qxe5 Qf6 31. Qe4 e5 32. f5 Rxb2 33.
Rc7 Rb3 34. Qd5+ Kh8 35. Qxb3 e4+ 36. Kxe4 Re8+ 37. Kf3 Qe5 38. Qd3 Qxc7 39.
Ng4 Qf7 40. e4 g6 41. f6 h5 42. Ne3 Qxf6+ 43. Ke2 Qb2+ 44. Kf3 Rf8+ 45. Nf5
gxf5 46. exf5 Qf6 47. Kf4 h4 48. Qh3 Qxf5+ 49. Qxf5 Rxf5+ 50. Kxf5 h3 51. Ke6
h2 52. Kd6 h1=Q 53. Kc7 Qf1 54. Kb6 Qb5+ 55. Ka7 Qa4 56. Ka8 Qxa3 57. Ka7 a5
58. Ka8 a4 59. Ka7 Qa1 0-1

[Event "ICC tourney 1897 (3 2)"]
[Site "Internet Chess Club"]
[Date "2020.07.03"]
[Round "10"]
[White "Bo002"]
[Black "CytokineStorm"]
[Result "1-0"]
[WhiteElo "1739"]
[BlackElo "1723"]
[PlyCount "79"]
[EventDate "2020.??.??"]

1. d4 Nf6 2. c4 e5 3. dxe5 Ng4 4. Bf4 Nc6 5. Nf3 Bb4+ 6. Nbd2 Qe7 7. a3 Bxd2+
8. Qxd2 Ngxe5 9. Nxe5 Nxe5 10. e3 d6 11. Be2 O-O 12. O-O-O Be6 13. Qc3 Nc6 14.
g4 Rad8 15. h4 d5 16. Kb1 dxc4 17. Rxd8 Rxd8 18. Bxc4 Bd5 19. Rc1 Qxh4 20. Bxd5
Rxd5 21. Qb3 Qd8 22. Qxb7 Ne5 23. Bxe5 Rxe5 24. Rxc7 Qd1+ 25. Ka2 Re8 26. Rxf7
Kh8 27. Rxg7 Qd3 28. Qf7 Qe4 29. Rxh7+ Qxh7 30. Qxe8+ Kg7 31. Qe7+ Kh6 32.
Qxh7+ Kxh7 33. f4 Kg6 34. e4 Kf6 35. e5+ Ke6 36. g5 Kd5 37. g6 Ke6 38. f5+ Ke7
39. f6+ Ke6 40. f7 1-0

[Event "ICC tourney 1897 (3 2)"]
[Site "Internet Chess Club"]
[Date "2020.07.03"]
[Round "9"]
[White "sirking2800"]
[Black "CytokineStorm"]
[Result "0-1"]
[WhiteElo "1567"]
[BlackElo "1734"]
[PlyCount "98"]
[EventDate "2020.??.??"]

1. e4 c5 2. Nf3 g6 3. d4 cxd4 4. Nxd4 Bg7 5. Nc3 Nc6 6. Be3 Nf6 7. Bc4 O-O 8.
f3 Qa5 9. Bb3 d6 10. Qd2 Nxd4 11. Bxd4 Be6 12. O-O Rac8 13. Qf2 a6 14. Bb6 Qh5
15. Bxe6 fxe6 16. Qd2 Rc4 17. Rfe1 Rfc8 18. Bd4 b5 19. e5 Nd7 20. b3 Rxd4 21.
Qxd4 Bxe5 22. Qa7 Bxc3 23. Qxd7 Qc5+ 24. Kh1 Bxa1 25. Qxe6+ Kg7 26. Rxa1 Qe5
27. Qxe5+ dxe5 28. Rc1 Rc3 29. Kg1 Kf6 30. Kf2 g5 31. Ke2 h5 32. a3 Kf5 33. Kd2
Rc6 34. c4 Rd6+ 35. Ke3 bxc4 36. Rxc4 Rd1 37. Ra4 Rd6 38. b4 g4 39. Ra5 Rc6 40.
a4 gxf3 41. gxf3 Rc3+ 42. Kf2 Kf4 43. Rxa6 Rxf3+ 44. Kg2 Ke3 45. Re6 e4 46. b5
Rf2+ 47. Kg1 Ra2 48. Ra6 Kf3 49. b6 Ra1# 0-1

[Event "ICC tourney 1897 (3 2)"]
[Site "Internet Chess Club"]
[Date "2020.07.03"]
[Round "8"]
[White "CytokineStorm"]
[Black "Elieman"]
[Result "1-0"]
[WhiteElo "1724"]
[BlackElo "1699"]
[PlyCount "131"]
[EventDate "2020.??.??"]

1. d4 d5 2. c4 e6 3. Nf3 Nf6 4. g3 dxc4 5. Bg2 Nc6 6. O-O Rb8 7. a4 Bb4 8. Bg5
O-O 9. e4 h6 10. Bxf6 Qxf6 11. e5 Qe7 12. Nc3 Rd8 13. Re1 Bd7 14. Re4 Na5 15.
Rc1 Bc6 16. Rf4 Nb3 17. Rc2 Rd7 18. d5 Bxd5 19. Nxd5 Rxd5 20. Qe2 Rbd8 21.
Rfxc4 Rd1+ 22. Bf1 c5 23. Qe3 Nd4 24. Nxd4 R8xd4 25. Rxd4 Rxd4 26. Kg2 Qd7 27.
Be2 a6 28. Bf3 Qxa4 29. b3 Qd7 30. Be4 b5 31. h4 Bd2 32. Qf3 Bb4 33. Qe3 Qc7
34. Qxd4 Qb8 35. Qd7 g6 36. Qc6 Qxe5 37. Re2 Qh5 38. Bf3 Qf5 39. Qe8+ Kg7 40.
Qd7 c4 41. bxc4 bxc4 42. Qc6 c3 43. Qc4 a5 44. Be4 Qf6 45. Bc2 h5 46. Qe4 Qe7
47. Qe5+ Kh7 48. Qxh5+ Kg8 49. Qe5 a4 50. Bxa4 Bd6 51. Qe4 Bb4 52. Bc2 Qf6 53.
Qxb4 Qg7 54. Qe4 Kf8 55. Re3 Ke7 56. Rf3 f5 57. Qd3 e5 58. Qxc3 Kf6 59. Re3 Qe7
60. Qc6+ Kg7 61. Qd5 Kf6 62. Bb3 e4 63. Rc3 e3 64. Rc6+ Kg7 65. Qg8+ Kh6 66.
Qxg6# 1-0

[Event "ICC tourney 1897 (3 2)"]
[Site "Internet Chess Club"]
[Date "2020.07.03"]
[Round "6"]
[White "destroyingeagle"]
[Black "CytokineStorm"]
[Result "1-0"]
[WhiteElo "1338"]
[BlackElo "1717"]
[PlyCount "79"]
[EventDate "2020.??.??"]

1. Nf3 c5 2. g3 g6 3. Bg2 Bg7 4. O-O Nf6 5. d3 O-O 6. e4 Nc6 7. c3 d5 8. Nbd2
e5 9. Qe2 d4 10. c4 h6 11. Nh4 Bg4 12. f3 Be6 13. Nb3 b6 14. f4 Bg4 15. Bf3 Qd7
16. Bxg4 Qxg4 17. Qxg4 Nxg4 18. h3 Nf6 19. f5 g5 20. Nf3 g4 21. hxg4 Nxg4 22.
Nh2 Nxh2 23. Kxh2 f6 24. Nd2 Nb4 25. Rf3 Nc2 26. Rb1 Kf7 27. Rf1 h5 28. Nf3 Rh8
29. Nh4 Rh7 30. Bd2 Bh6 31. Bxh6 Rxh6 32. Ng2 Rg8 33. Rf2 Nb4 34. Rd2 Nxa2 35.
Ra1 Nb4 36. Rxa7+ Kf8 37. Ra8+ Kg7 38. Ra7+ Kh8 39. Nh4 Rg7 40. Ra8+ 1-0

[Event "ICC tourney 1897 (3 2)"]
[Site "Internet Chess Club"]
[Date "2020.07.03"]
[Round "5"]
[White "hollyelf"]
[Black "CytokineStorm"]
[Result "0-1"]
[WhiteElo "1671"]
[BlackElo "1740"]
[PlyCount "38"]
[EventDate "2020.??.??"]

1. e4 c5 2. Nf3 g6 3. d4 cxd4 4. Qxd4 Nf6 5. e5 Nc6 6. Qa4 Nd5 7. Qe4 e6 8. Be2
Bg7 9. O-O Qc7 10. c4 Ndb4 11. a3 Na6 12. Bf4 O-O 13. b4 Ne7 14. Nc3 Nf5 15.
Nb5 Qd8 16. Rad1 Nc7 17. Nd6 Nxd6 18. exd6 Ne8 19. c5 Rb8 0-1

[Event "ICC tourney 1897 (3 2)"]
[Site "Internet Chess Club"]
[Date "2020.07.03"]
[Round "4"]
[White "CytokineStorm"]
[Black "Taechess"]
[Result "1-0"]
[WhiteElo "1726"]
[BlackElo "1721"]
[PlyCount "141"]
[EventDate "2020.??.??"]

1. d4 e6 2. c4 b6 3. Nc3 Bb4 4. e4 Bb7 5. f3 f5 6. e5 Qh4+ 7. g3 Qh5 8. Bg2 Ne7
9. Nh3 Bxc3+ 10. bxc3 O-O 11. O-O d6 12. Ba3 Rd8 13. Qe2 dxe5 14. Bxe7 Rd7 15.
Ba3 exd4 16. Qxe6+ Qf7 17. Qxf7+ Kxf7 18. cxd4 Rxd4 19. Rac1 c5 20. Nf4 Nd7 21.
Rfd1 Rxd1+ 22. Rxd1 Nf6 23. Nd5 Rd8 24. f4 b5 25. Re1 Bxd5 26. cxd5 b4 27. Bb2
Nxd5 28. Rd1 Ke6 29. Bf1 Rd7 30. Bc4 g6 31. Be5 h6 32. Kf2 g5 33. h3 a5 34. Re1
gxf4 35. gxf4 Kf7 36. Rg1 Kf8 37. Rg6 Nc3 38. Rg8+ Ke7 39. Rg7+ Kd8 40. Rxd7+
Kxd7 41. Bxc3 bxc3 42. Ke3 Kc6 43. Kd3 a4 44. Kxc3 Kb6 45. Kb2 Ka5 46. Ka3 h5
47. h4 Kb6 48. Kxa4 Kc6 49. Ka5 Kd6 50. Kb6 Kd7 51. Kxc5 Kc7 52. Kd5 Kb6 53.
Ke5 Kc5 54. Be6 Kb4 55. Kxf5 Kc3 56. Kg5 Kd2 57. f5 Ke1 58. f6 Kf1 59. f7 Kg1
60. f8=Q Kh1 61. Kxh5 Kh2 62. Kg6 Kh1 63. Kg7 Kg2 64. h5 Kg1 65. Qf3 Kh2 66.
Qg4 Kh1 67. Kf6 Kh2 68. Kf5 Kh1 69. Kf4 Kh2 70. Kf3 Kh1 71. Qg2# 1-0

[Event "ICC tourney 1897 (3 2)"]
[Site "Internet Chess Club"]
[Date "2020.07.03"]
[Round "1"]
[White "MrNormalName"]
[Black "CytokineStorm"]
[Result "1-0"]
[WhiteElo "1758"]
[BlackElo "1717"]
[PlyCount "133"]
[EventDate "2020.??.??"]

1. d4 Nf6 2. c4 e5 3. dxe5 Ng4 4. Bf4 Nc6 5. Nf3 Bb4+ 6. Nc3 Qe7 7. Qb3 O-O 8.
h3 Nh6 9. Bxh6 gxh6 10. e3 Re8 11. Bd3 Bxc3+ 12. Qxc3 Nxe5 13. Nxe5 Qxe5 14.
Qc2 Qg7 15. O-O d6 16. Kh1 Re5 17. Rfd1 Bd7 18. Be4 Rb8 19. Rd5 Bc6 20. Rxe5
Qxe5 21. Bxh7+ Kh8 22. Rd1 Re8 23. Bd3 Qh5 24. Kh2 Re6 25. Bf5 Rf6 26. Bg4 Qe5+
27. Kh1 h5 28. Bc8 Be4 29. Qe2 Qg5 30. f3 Bc6 31. e4 Qg3 32. Bf5 h4 33. Qe1 Qf4
34. Qc3 Kg7 35. Qd2 Qg3 36. Qd4 Qf4 37. c5 dxc5 38. Qxc5 Rd6 39. Rxd6 cxd6 40.
Qc3+ f6 41. a3 Qg3 42. Qd2 Qe5 43. Bg4 Qg3 44. Kg1 a6 45. Qe3 Qe5 46. Qf2 Qg5
47. f4 Qh6 48. Bf5 Kf7 49. Qf3 Ke7 50. Qb3 d5 51. exd5 Qxf4 52. dxc6 Qc1+ 53.
Kf2 Qf4+ 54. Qf3 Qd2+ 55. Qe2+ Qxe2+ 56. Kxe2 bxc6 57. Bd3 Kd6 58. Bxa6 Kc5 59.
b3 Kd4 60. Kf3 Kc3 61. Bc4 Kd4 62. Kg4 Ke3 63. Kxh4 Kf2 64. g4 Kg2 65. a4 Kf3
66. a5 Ke3 67. a6 1-0